| 000 | 01513nam0a2200397 4500 | ||
|---|---|---|---|
| 001 | RU\NLR\ONL2\6261 | ||
| 005 | 20260204000000.0 | ||
| 035 | _a(NLR Aleph) 009653858 | ||
| 090 |
_a9581662 _c9581662 |
||
| 100 | _a20061101d1956 c y0rusy50 ca | ||
| 101 | 0 | _alau | |
| 102 | _aRU | ||
| 105 | _aa ||||||||| | ||
| 135 | _acrcn 024anaba | ||
| 200 | 1 |
_aЭвэдыв торэм хупкучилдывун _eнонап шк. 1 кл. _fВ. И. Цинциус |
|
| 205 |
_a2-е изд. _bиспр. и доп. |
||
| 210 |
_aЛ. _cУчпедгиз _d1956 |
||
| 215 |
_a92 с. _cил. _d23 |
||
| 325 | _aКопия доступна в Электрон. б-ке РНБ | ||
| 541 | 1 |
_aУчебник эвенского языка для 1 класса _zrus |
|
| 606 | 0 |
_aЭвенский язык _92115956 _3RU\NLR\auth\661278298 |
|
| 686 | 1 | _aШ165.12-921 | |
| 700 | 1 |
_aЦинциус _bВ. И. _gВера Ивановна _4070 |
|
| 801 | 0 |
_aRU _bNLR _c20061101 _gPSBO |
|
| 852 |
_aNLR _bОНЛ _jЭвенск./3-70 |
||
| 852 |
_aNLR _bОНЛ _jЭвенск./3-70 |
||
| 856 | 0 | _uhttps://vivaldi.nlr.ru/bx000038595/view | |
| 856 | 1 | _uhttps://vivaldi.nlr.ru/bx000038595/cover | |
| 856 | 2 | _uhttps://vivaldi.nlr.ru/bx000038595/text | |
| 942 | _cBOOK | ||
| 980 | _aNB | ||
| 980 | _aONL_RF | ||
| 981 | 2 | 3 |
_a(23) Национальные литературы _b(23) Книги на национальных языках |